000 00265nam a2200109Ia 4500
008 220204s9999 xx 000 0 und d
082 _a82-7
_bBER
100 _aBerg, Dave
245 0 _aMad's Dave Berg looks at the U.S.A
260 _aLondon
_bNel
_c1964
942 _cBK
999 _c35751
_d35751